| 000 | 00707nam a2200217 a 4500 | ||
|---|---|---|---|
| 001 | 000025322 | ||
| 005 | 20200930023715.0 | ||
| 008 | 110214nuuuuuuuuxxu r 001 0 spa d | ||
| 040 |
_aDO-SdBNP _bspa _cBNPHU |
||
| 082 |
_axxxxx _bM959e |
||
| 100 | 1 |
_aMullins, E. Y. _949571 |
|
| 245 | 1 | 0 |
_aEvidencias cristianas / _cE. Y. Mullins ; traducción E. G. Domínguez. |
| 260 |
_aTexas, Estados Unidos : _bEl Paso, _c[19??]. |
||
| 300 |
_a428 p. ; _c20 cm. |
||
| 500 | _aIncluye notas al pie de las páginas. | ||
| 500 | _aIncluye índice por capítulos. | ||
| 500 | _aIncluye índice de nombres y asuntos. | ||
| 500 | _aIncluye índice textual. | ||
| 700 | 1 |
_aDomínguez, E. G., _etr. _951862 |
|
| 049 | _aBNGR | ||
| 999 |
_c24814 _d24814 |
||